00429cam a2200157ua 45000010005000000080039000050400009000440410008000530820008000611000030000692450077000992500013001762600041001893000010002306530031002407194141203n ii |||gr||||Z||||||eng cMAIN aeng a954 aBarpujari, H.K.,eEditor.1 aPolitical history of Assam : b1826-1919 / cEdited by H.K. Barpujari .  a3rd rev. aGuwahati:bPublication board,c2008. a293p. aPolitical history of Assam